Costa Rica: ambiente y biodiversidad (Registro nro. 871)
[ vista simple ]
| 000 -Cabecera | |
|---|---|
| Campo de control de longitud fija | 00660aam a2200265 4500 |
| 005 - Fecha y hora de la última transacción | |
| Campo de control | 20240605192200.0 |
| 008 - Elementos de longitud fija--Información general | |
| Campo de control de longitud fija | 150513b1999 xxu||||| |||| 00| 0 spa d |
| 020 ## - International Standard Book Number | |
| Número Internacional Estándar del Libro (ISBN) | 9968702242 |
| 041 ## - Idioma | |
| Código de idioma | Español |
| 082 ## - Clasificación Decimal Dewey | |
| Número de clasificación | 577.972.86 V164c |
| 100 ## - Entrada principal--Autor personal | |
| Nombre personal | Valerio Gutierrez, Carlos E. |
| 245 ## - Título propiamente dicho | |
| Título | Costa Rica: ambiente y biodiversidad |
| 260 ## - Pie de imprenta | |
| Lugar de publicación, distribución, etc. | Costa Rica |
| 260 ## - Pie de imprenta | |
| Nombre del editor, distribuidor, etc. | INBIO |
| 260 ## - Pie de imprenta | |
| Fecha de publicación, distribución, etc. | 1999 |
| 300 ## - Descripción física | |
| Extensión | 140 páginas |
| 650 ## - Materia general | |
| Temática (materia general) | ECOLOGÍA |
| 650 ## - Materia general | |
| Temática (materia general) | BIODIVERSIDAD |
| 650 ## - Materia general | |
| Temática (materia general) | NATURALEZA |
| 650 ## - Materia general | |
| Temática (materia general) | CONSERVACIÓN |
| 650 ## - Materia general | |
| Temática (materia general) | RECURSOS NATURALES |
| 650 ## - Materia general | |
| Temática (materia general) | CONSERVACIÓN DE LOS RECURSOS NATURALES |
| 942 ## - Punto de acceso adicional KOHA | |
| Tipo de ítem KOHA | Libro |
| Fuente del sistema de clasificación o colocación | Dewey Decimal Classification |
| Signatura completa | Código de barras | Programa Académico | Tipo de ítem |
|---|---|---|---|
| 577 V164c | 6086 | Turismo | Libro |
| 577 V164c | 6087 | Turismo | Libro |
| 577 V164c | 6088 | Turismo | Libro |